[Event "Liga Madrileña - DH 2013-2014"]
[Site "Madrid ESP"]
[Date "2013.11.17"]
[Round "1.42"]
[White "Huerga Leache, Mikel"]
[Black "Bolado Saez, Sergio"]
[Result "0-1"]
[WhiteElo "2441"]
[BlackElo "2349"]
[PlyCount "64"]
[EventDate "2013.11.18"]
[EventType "team-tourn"]
[EventRounds "14"]
[EventCountry "ESP"]
[Source "lmi"]
[SourceDate "2013.11.18"]
[WhiteTeam "64 Villalba"]
[BlackTeam "Blanco y Negro"]
[WhiteTeamCountry "ESP"]
[BlackTeamCountry "ESP"]

1. Nf3 c5 2. e4 d6 3. d4 cxd4 4. Nxd4 Nf6 5. Nc3 a6 6. Be3 e6 7. f3 Nbd7 8. g4
h6 9. Qd2 b5 10. O-O-O b4 11. Na4 Ne5 12. b3 Bd7 13. Nb2 d5 14. Bf4 Qc7 15.
exd5 Nxd5 16. Bxe5 Qxe5 17. Bc4 Nc3 18. Rhe1 Qc7 19. Bxe6 fxe6 20. Nxe6 Bxe6
21. Rxe6+ Kf7 22. Rde1 Nxa2+ 23. Kb1 Nc3+ 24. Ka1 Rd8 25. Qf2 Bc5 26. Qh4 Rd5
27. g5 Rxg5 28. Qc4 Rd5 29. Na4 Rhd8 30. R6e5 Kf8 31. Nxc3 Rxe5 32. Qf4+ Qf7
0-1

[Event "Liga Madrileña - DH 2013-2014"]
[Site "Madrid ESP"]
[Date "2013.11.17"]
[Round "1.43"]
[White "Alarcia Astriz, Carlos"]
[Black "Espinosa Aranda, Angel"]
[Result "1/2-1/2"]
[WhiteElo "2331"]
[BlackElo "2387"]
[PlyCount "60"]
[EventDate "2013.11.18"]
[EventType "team-tourn"]
[EventRounds "14"]
[EventCountry "ESP"]
[Source "lmi"]
[SourceDate "2013.11.18"]
[WhiteTeam "Blanco y Negro"]
[BlackTeam "64 Villalba"]
[WhiteTeamCountry "ESP"]
[BlackTeamCountry "ESP"]

1. e4 e6 2. d3 c5 3. Nf3 Nc6 4. g3 g6 5. Bg2 Bg7 6. O-O Nge7 7. Re1 d6 8. c3 e5
9. Nbd2 O-O 10. Nc4 h6 11. Ne3 Be6 12. c4 Qd7 13. Nd5 f5 14. Qa4 Nxd5 15. exd5
Nd4 16. Qxd7 Nxf3+ 17. Bxf3 Bxd7 18. a4 Rae8 19. Kg2 a5 20. Bd2 b6 21. Ra2 Rf7
22. b3 Ref8 23. Bc1 f4 24. g4 Bf6 25. h3 Kg7 26. Rae2 Re7 27. Bd2 Rfe8 28. Rh1
Bh4 29. Be4 Rf8 30. f3 Be8 1/2-1/2

[Event "Liga Madrileña - DH 2013-2014"]
[Site "Madrid ESP"]
[Date "2013.11.17"]
[Round "1.44"]
[White "Bermejo Martinez, Jorge"]
[Black "Martinez Lozano, Miguel Angel"]
[Result "1-0"]
[WhiteElo "2309"]
[BlackElo "2225"]
[PlyCount "73"]
[EventDate "2013.11.18"]
[EventType "team-tourn"]
[EventRounds "14"]
[EventCountry "ESP"]
[Source "lmi"]
[SourceDate "2013.11.18"]
[WhiteTeam "64 Villalba"]
[BlackTeam "Blanco y Negro"]
[WhiteTeamCountry "ESP"]
[BlackTeamCountry "ESP"]

1. d4 Nf6 2. c4 a6 3. Nc3 d6 4. e4 Nbd7 5. Nf3 e5 6. Be2 Be7 7. d5 O-O 8. O-O
Rb8 9. Qc2 c6 10. Nd2 c5 11. a3 Ne8 12. b4 Bg5 13. g3 Bh6 14. Rb1 Nef6 15. f4
exf4 16. gxf4 Re8 17. Nf3 Nh5 18. Ng5 Nhf6 19. bxc5 Nxc5 20. e5 dxe5 21. fxe5
Bxg5 22. Bxg5 Rxe5 23. Bf4 Bf5 24. Qd1 Re8 25. Bxb8 Bxb1 26. Ba7 b6 27. Qxb1
Nfd7 28. d6 Re3 29. Qc1 Qg5+ 30. Kh1 Nb3 31. Qb2 Qe5 32. Rf3 Rxf3 33. Bxf3 Qe1+
34. Kg2 Nd2 35. Be2 h5 36. Qc2 h4 37. Qd1 1-0

[Event "Liga Madrileña - DH 2013-2014"]
[Site "Madrid ESP"]
[Date "2013.11.17"]
[Round "1.45"]
[White "Garrido Olivares, Ricard"]
[Black "Napoli, Nicolo"]
[Result "1-0"]
[WhiteElo "2216"]
[BlackElo "2285"]
[PlyCount "93"]
[EventDate "2013.11.18"]
[EventType "team-tourn"]
[EventRounds "14"]
[EventCountry "ESP"]
[Source "lmi"]
[SourceDate "2013.11.18"]
[WhiteTeam "Blanco y Negro"]
[BlackTeam "64 Villalba"]
[WhiteTeamCountry "ESP"]
[BlackTeamCountry "ESP"]

1. Nf3 g6 2. c4 Bg7 3. Nc3 e5 4. d4 exd4 5. Nxd4 Nc6 6. e3 Nge7 7. Be2 O-O 8.
O-O Nxd4 9. exd4 d5 10. Bg5 dxc4 11. Bxc4 h6 12. Bh4 g5 13. Bg3 Nf5 14. d5 a6
15. a4 Nd6 16. Bd3 Qf6 17. Re1 Qd4 18. Re7 Bg4 19. Be2 Bxe2 20. Qxd4 Bxd4 21.
Nxe2 Bxb2 22. Rb1 Bg7 23. Rxc7 Rad8 24. Rd1 Rfe8 25. Kf1 Re4 26. Bxd6 Rxd6 27.
Rxb7 Rxa4 28. Ng3 Be5 29. f3 Ra2 30. Nf5 Rf6 31. g4 Rxh2 32. Rd3 h5 33. d6 Bxd6
34. Rxd6 Rxd6 35. Nxd6 hxg4 36. fxg4 Rh4 37. Nxf7 Rh7 38. Nd6 Rxb7 39. Nxb7 Kf7
40. Ke2 Ke6 41. Ke3 Kd5 42. Na5 Ke5 43. Nc4+ Kd5 44. Kd3 Kc5 45. Ne3 a5 46. Kc3
a4 47. Nf5 1-0

[Event "Liga Madrileña - DH 2013-2014"]
[Site "Madrid ESP"]
[Date "2013.11.17"]
[Round "1.46"]
[White "Lopez del Alamo, Antonio"]
[Black "Alcazar Jimenez, Jesus Alberto"]
[Result "1/2-1/2"]
[WhiteElo "2281"]
[BlackElo "2211"]
[PlyCount "68"]
[EventDate "2013.11.18"]
[EventType "team-tourn"]
[EventRounds "14"]
[EventCountry "ESP"]
[Source "lmi"]
[SourceDate "2013.11.18"]
[WhiteTeam "64 Villalba"]
[BlackTeam "Blanco y Negro"]
[WhiteTeamCountry "ESP"]
[BlackTeamCountry "ESP"]

1. d4 c5 2. e4 e6 3. Nf3 cxd4 4. Nxd4 Nf6 5. Nc3 Nc6 6. Ndb5 Bc5 7. Bf4 O-O 8.
Bc7 Qe7 9. Bd6 Bxd6 10. Qxd6 Ne8 11. Qxe7 Nxe7 12. O-O-O a6 13. Nd6 Nxd6 14.
Rxd6 f5 15. Be2 b5 16. Bf3 Ra7 17. a3 Rc7 18. Rhd1 fxe4 19. Nxe4 Nd5 20. Ng5
Bb7 21. Bxd5 Bxd5 22. f3 Ra8 23. Nh3 Kf8 24. Nf4 Bb3 25. Rxd7 Rxc2+ 26. Kb1
Rac8 27. R7d3 e5 28. Rxb3 exf4 29. Rd6 R8c6 30. Rxc6 Rxc6 31. a4 bxa4 32. Rb4
g5 33. Rxa4 Ke7 34. Rd4 Ke6 1/2-1/2

[Event "Liga Madrileña - DH 2013-2014"]
[Site "Madrid ESP"]
[Date "2013.11.23"]
[Round "2.11"]
[White "Moreno Trujillo, Alejandro"]
[Black "Vallejo Diaz, Javier"]
[Result "1-0"]
[WhiteElo "2541"]
[BlackElo "2400"]
[PlyCount "109"]
[EventDate "2013.11.18"]
[EventType "team-tourn"]
[EventRounds "14"]
[EventCountry "ESP"]
[Source "lmi"]
[SourceDate "2013.11.18"]
[WhiteTeam "64 Villalba"]
[BlackTeam "Liberty Chess"]
[WhiteTeamCountry "ESP"]
[BlackTeamCountry "ESP"]

1. d4 Nf6 2. c4 e6 3. Nc3 Bb4 4. Qc2 d6 5. Bd2 Nbd7 6. a3 Bxc3 7. Bxc3 b6 8. e4
Bb7 9. f3 c5 10. dxc5 Nxc5 11. Nh3 e5 12. Rd1 Qc7 13. b4 Ne6 14. Qd2 Rd8 15.
Be2 h6 16. O-O g5 17. Bd3 Rg8 18. Nf2 h5 19. g3 Qe7 20. Rfe1 g4 21. fxg4 Nxg4
22. Nxg4 Rxg4 23. Qh6 Nf4 24. c5 Bc6 25. Bf1 Ng6 26. Qxh5 Rxe4 27. Rxe4 Bxe4
28. Bb5+ Kf8 29. Qg4 d5 30. c6 Kg7 31. Bd2 f5 32. Qg5 f4 33. gxf4 Qxg5+ 34.
fxg5 Rc8 35. Rc1 Rc7 36. Be1 d4 37. Bg3 a6 38. Bxa6 Rxc6 39. Rxc6 Bxc6 40. h4
b5 41. Bc8 d3 42. Kf2 e4 43. h5 Ne7 44. Be5+ Kf7 45. g6+ Ke8 46. Bg4 Ng8 47.
Ke3 Nh6 48. Bh3 Kf8 49. Bf4 Kg7 50. Be5+ Kf8 51. Bd4 Ng8 52. Bc3 Ke7 53. Bg7
Ke8 54. Be6 Ne7 55. Bf6 1-0

[Event "Liga Madrileña - DH 2013-2014"]
[Site "Madrid ESP"]
[Date "2013.11.23"]
[Round "2.12"]
[White "Valles Moreno, Ivan"]
[Black "Huerga Leache, Mikel"]
[Result "1-0"]
[WhiteElo "2373"]
[BlackElo "2441"]
[PlyCount "67"]
[EventDate "2013.11.18"]
[EventType "team-tourn"]
[EventRounds "14"]
[EventCountry "ESP"]
[Source "lmi"]
[SourceDate "2013.11.18"]
[WhiteTeam "Liberty Chess"]
[BlackTeam "64 Villalba"]
[WhiteTeamCountry "ESP"]
[BlackTeamCountry "ESP"]

1. e4 e6 2. Nc3 d5 3. d4 Bb4 4. e5 Ne7 5. a3 Bxc3+ 6. bxc3 b6 7. Nh3 Ng6 8. Nf4
Nxf4 9. Bxf4 Qd7 10. a4 Ba6 11. Bxa6 Nxa6 12. Qd3 Nb8 13. Qg3 O-O 14. Bg5 Kh8
15. O-O c5 16. Rfe1 Qc7 17. Rad1 Nc6 18. Qh4 h6 19. Bxh6 f5 20. Bg5+ Kg8 21.
Rd3 cxd4 22. cxd4 f4 23. c3 Qf7 24. Rf3 Qf5 25. Bxf4 Qc2 26. Rg3 Rae8 27. Rxg7+
Kxg7 28. Bh6+ Kh8 29. Bxf8+ Kg8 30. Bh6 Re7 31. h3 Rf7 32. Re3 Rf5 33. Bg5 Kf8
34. g4 1-0

[Event "Liga Madrileña - DH 2013-2014"]
[Site "Madrid ESP"]
[Date "2013.11.23"]
[Round "2.13"]
[White "Espinosa Aranda, Angel"]
[Black "Perez Gonzalez, Jose Manuel"]
[Result "1/2-1/2"]
[WhiteElo "2387"]
[BlackElo "2324"]
[PlyCount "43"]
[EventDate "2013.11.18"]
[EventType "team-tourn"]
[EventRounds "14"]
[EventCountry "ESP"]
[Source "lmi"]
[SourceDate "2013.11.18"]
[WhiteTeam "64 Villalba"]
[BlackTeam "Liberty Chess"]
[WhiteTeamCountry "ESP"]
[BlackTeamCountry "ESP"]

1. e4 c5 2. Nf3 g6 3. d4 cxd4 4. Nxd4 Nc6 5. c4 Nf6 6. Nc3 d6 7. Be2 Nxd4 8.
Qxd4 Bg7 9. Bg5 O-O 10. Qd2 Be6 11. O-O Qa5 12. Rac1 Rfc8 13. b3 a6 14. f3 b5
15. Nd5 Qxd2 16. Bxd2 Nxd5 17. cxd5 Bd4+ 18. Kh1 Bd7 19. Rxc8+ Rxc8 20. Rc1
Rxc1+ 21. Bxc1 f5 22. Bg5 1/2-1/2

[Event "Liga Madrileña - DH 2013-2014"]
[Site "Madrid ESP"]
[Date "2013.11.23"]
[Round "2.14"]
[White "Martin Rueda, Daniel"]
[Black "Rioboo de la Riva, Alvaro"]
[Result "1-0"]
[WhiteElo "2315"]
[BlackElo "2282"]
[PlyCount "109"]
[EventDate "2013.11.18"]
[EventType "team-tourn"]
[EventRounds "14"]
[EventCountry "ESP"]
[Source "lmi"]
[SourceDate "2013.11.18"]
[WhiteTeam "Liberty Chess"]
[BlackTeam "64 Villalba"]
[WhiteTeamCountry "ESP"]
[BlackTeamCountry "ESP"]

1. e4 c5 2. Nf3 Nc6 3. Bb5 a6 4. Bxc6 bxc6 5. d3 d5 6. Qe2 Bg4 7. O-O e6 8. c4
Nf6 9. Nc3 d4 10. Na4 Nd7 11. h3 Bh5 12. g4 Bg6 13. Nh2 h5 14. g5 e5 15. f4
exf4 16. Bxf4 Qe7 17. Nf3 Qe6 18. Qh2 h4 19. b4 Be7 20. Rab1 Bh5 21. bxc5 Bxf3
22. Rxf3 Nxc5 23. Nxc5 Bxc5 24. Qf2 Rh5 25. Rb7 Rd8 26. Bd2 Be7 27. Rf5 g6 28.
Qf3 Kf8 29. Bb4 Bxb4 30. Re5 Rd7 31. Rxe6 Rxb7 32. Rxg6 Rh8 33. Rxc6 Be7 34.
Rc8+ Kg7 35. Rxh8 Rb1+ 36. Kg2 Rb2+ 37. Kf1 Rb1+ 38. Ke2 Rb2+ 39. Kd1 Bxg5 40.
Qh5 Kf6 41. Rh6+ Bxh6 42. Qxh6+ Ke7 43. Qxh4+ Kd6 44. Qd8+ Kc5 45. Qa5+ Kc6 46.
Qxa6+ Kc7 47. Qa7+ Kc6 48. Qxd4 Rxa2 49. Qd5+ Kc7 50. Qxf7+ Kc8 51. c5 Ra6 52.
Qe8+ Kc7 53. Qb5 Ra2 54. Qb6+ Kc8 55. Qe6+ 1-0

[Event "Liga Madrileña - DH 2013-2014"]
[Site "Madrid ESP"]
[Date "2013.11.23"]
[Round "2.15"]
[White "Lopez del Alamo, Antonio"]
[Black "Fernandez Garcia, Miguel Angel"]
[Result "1/2-1/2"]
[WhiteElo "2281"]
[BlackElo "2325"]
[PlyCount "83"]
[EventDate "2013.11.18"]
[EventType "team-tourn"]
[EventRounds "14"]
[EventCountry "ESP"]
[Source "lmi"]
[SourceDate "2013.11.18"]
[WhiteTeam "64 Villalba"]
[BlackTeam "Liberty Chess"]
[WhiteTeamCountry "ESP"]
[BlackTeamCountry "ESP"]

1. e4 Nf6 2. e5 Nd5 3. d4 d6 4. c4 Nb6 5. exd6 exd6 6. Nc3 Be7 7. Be3 O-O 8.
Qf3 c6 9. Bd3 d5 10. c5 N6d7 11. Nge2 b6 12. cxb6 axb6 13. O-O Nf6 14. h3 Nbd7
15. g4 Ne8 16. Ng3 Nd6 17. Bf4 g6 18. Rfe1 Ne8 19. Re2 Ng7 20. Bh6 Bg5 21. Bxg7
Kxg7 22. Rae1 Qf6 23. Bf5 Qxd4 24. Re8 Rxe8 25. Rxe8 Ne5 26. Qe2 Bxf5 27. Rxa8
Bd3 28. Qd1 Bf6 29. Kg2 Nc4 30. Qe1 Qe5 31. Qxe5 Bxe5 32. Na4 Bd4 33. b3 Nd2
34. Rb8 b5 35. Nb6 Bb1 36. a4 Nxb3 37. axb5 cxb5 38. Nxd5 Bd3 39. Nc7 Be5 40.
Rxb5 Bxb5 41. Nxb5 Nd4 42. Nxd4 1/2-1/2

[Event "Liga Madrileña - DH 2013-2014"]
[Site "Madrid ESP"]
[Date "2013.11.23"]
[Round "2.16"]
[White "Vallejo Diaz, Jesus"]
[Black "Dougan Maho, Harold"]
[Result "1/2-1/2"]
[WhiteElo "2272"]
[BlackElo "2221"]
[PlyCount "51"]
[EventDate "2013.11.18"]
[EventType "team-tourn"]
[EventRounds "14"]
[EventCountry "ESP"]
[Source "lmi"]
[SourceDate "2013.11.18"]
[WhiteTeam "Liberty Chess"]
[BlackTeam "64 Villalba"]
[WhiteTeamCountry "ESP"]
[BlackTeamCountry "ESP"]

1. e4 e5 2. Nf3 Nc6 3. d4 exd4 4. Bc4 Nf6 5. e5 d5 6. Bb5 Ne4 7. Nxd4 Bd7 8.
Bxc6 bxc6 9. O-O Bc5 10. Be3 O-O 11. f3 Ng5 12. c3 Re8 13. f4 Ne4 14. Nd2 Nxd2
15. Qxd2 f6 16. Nf3 Bb6 17. Rae1 Bg4 18. exf6 Bxf3 19. Rxf3 Qxf6 20. Kh1 Re4
21. Bxb6 axb6 22. a3 Rae8 23. Rxe4 Rxe4 24. Kg1 Qe7 25. Kf1 Qc5 26. g3 1/2-1/2

[Event "Liga Madrileña - DH 2013-2014"]
[Site "Madrid ESP"]
[Date "2013.11.23"]
[Round "2.21"]
[White "Almagro Llanas, Pablo"]
[Black "Aranda Marin, Cristian"]
[Result "1-0"]
[WhiteElo "2467"]
[BlackElo "2303"]
[PlyCount "65"]
[EventDate "2013.11.18"]
[EventType "team-tourn"]
[EventRounds "14"]
[EventCountry "ESP"]
[Source "lmi"]
[SourceDate "2013.11.18"]
[WhiteTeam "Virgen de Atocha"]
[BlackTeam "San Fernando de Henares"]
[WhiteTeamCountry "ESP"]
[BlackTeamCountry "ESP"]

1. Nf3 e6 2. c4 c5 3. g3 b6 4. Bg2 Bb7 5. O-O Nf6 6. Nc3 Be7 7. d4 cxd4 8. Qxd4
O-O 9. Rd1 h6 10. Bf4 Nc6 11. Qd2 Na5 12. b3 d5 13. Qb2 Qc8 14. cxd5 Nxd5 15.
Be5 f6 16. Rac1 Qe8 17. Nxd5 Bxd5 18. Bc3 Nc6 19. Qb1 f5 20. Qb2 Rf7 21. Ne5
Nxe5 22. Bxd5 exd5 23. Bxe5 Rd8 24. Rc7 Bc5 25. Rxf7 Qxf7 26. b4 Bf8 27. Rc1
Rd7 28. Rc8 Qe7 29. a3 Rd8 30. Rc7 Rd7 31. Rc6 Qe8 32. Qd4 Kh7 33. Rc2 1-0

[Event "Liga Madrileña - DH 2013-2014"]
[Site "Madrid ESP"]
[Date "2013.11.23"]
[Round "2.22"]
[White "Fernandez Blazquez, Diego"]
[Black "Rubio Mejia, Luis Ignacio"]
[Result "0-1"]
[WhiteElo "2195"]
[BlackElo "2452"]
[PlyCount "152"]
[EventDate "2013.11.18"]
[EventType "team-tourn"]
[EventRounds "14"]
[EventCountry "ESP"]
[Source "lmi"]
[SourceDate "2013.11.18"]
[WhiteTeam "San Fernando de Henares"]
[BlackTeam "Virgen de Atocha"]
[WhiteTeamCountry "ESP"]
[BlackTeamCountry "ESP"]

1. e4 c5 2. Nf3 d6 3. d4 cxd4 4. Nxd4 Nf6 5. Nc3 a6 6. Bc4 e6 7. O-O Be7 8. Bb3
O-O 9. f4 Nbd7 10. Be3 Nc5 11. Qf3 Qc7 12. f5 e5 13. Nde2 Nxb3 14. axb3 b5 15.
g4 b4 16. g5 bxc3 17. gxf6 Bxf6 18. Nxc3 Bb7 19. Rad1 Rac8 20. Rf2 Qb8 21. Nd5
Bxd5 22. Rxd5 Rc6 23. Qd1 Qb4 24. Qd3 Qe1+ 25. Rf1 Qh4 26. Bf2 Qh5 27. c3 Be7
28. Qd1 Qg5+ 29. Kh1 Rb8 30. Qf3 Rxb3 31. Rg1 Qf6 32. Be3 Rxb2 33. Bg5 Qxg5 34.
Rxg5 Bxg5 35. Qd3 Rbb6 36. c4 h6 37. c5 Rxc5 38. Rxc5 dxc5 39. Qd5 Rb1+ 40. Kg2
Rb2+ 41. Kf3 Bf6 42. Qxc5 Rxh2 43. Qc8+ Kh7 44. Qd7 Rh1 45. Kg2 Rh4 46. Qxf7
Rg4+ 47. Kh3 Rg5 48. Qb7 h5 49. Qxa6 Rg4 50. Qa8 Kh6 51. Qd5 Rf4 52. Qf7 Rg4
53. Qd5 Rh4+ 54. Kg3 Kg5 55. Qd2+ Rf4 56. Kh3 Kh6 57. Qd5 h4 58. Qd2 Kh7 59.
Qd5 Rf3+ 60. Kg2 Rg3+ 61. Kh2 Kh6 62. Qd2+ Kh5 63. Qe2+ Kg5 64. Qf2 Kg4 65.
Qe2+ Kf4 66. Qc2 Re3 67. Kg2 h3+ 68. Kh2 Bg5 69. Qb1 Kg4 70. Qg1+ Kh5 71. Qf1
Bf4+ 72. Kh1 Rc3 73. f6 gxf6 74. Qe2+ Kh6 75. Kg1 h2+ 76. Kg2 Rg3+ 0-1

[Event "Liga Madrileña - DH 2013-2014"]
[Site "Madrid ESP"]
[Date "2013.11.23"]
[Round "2.23"]
[White "Fernandez Barrera, Victor"]
[Black "Jimenez Lopez, Antonio"]
[Result "1/2-1/2"]
[WhiteElo "2313"]
[BlackElo "2107"]
[PlyCount "47"]
[EventDate "2013.11.18"]
[EventType "team-tourn"]
[EventRounds "14"]
[EventCountry "ESP"]
[Source "lmi"]
[SourceDate "2013.11.18"]
[WhiteTeam "Virgen de Atocha"]
[BlackTeam "San Fernando de Henares"]
[WhiteTeamCountry "ESP"]
[BlackTeamCountry "ESP"]

1. e4 c5 2. Nf3 e6 3. d4 cxd4 4. Nxd4 Nf6 5. Nc3 Nc6 6. Ndb5 Bb4 7. a3 Bxc3+ 8.
Nxc3 d5 9. exd5 exd5 10. Bd3 d4 11. Ne2 O-O 12. O-O Re8 13. b4 Bg4 14. Bb2 Nd5
15. Qd2 Bxe2 16. Bxe2 Nc3 17. Bf3 Ne5 18. Qf4 Nxf3+ 19. Qxf3 Ne2+ 20. Kh1 Qc7
21. Qd3 Rac8 22. Rfe1 Qc4 23. Qd2 Re6 24. Red1 1/2-1/2

[Event "Liga Madrileña - DH 2013-2014"]
[Site "Madrid ESP"]
[Date "2013.11.23"]
[Round "2.24"]
[White "Ocana Lameiro, Oliver"]
[Black "Rudolf, Anna"]
[Result "0-1"]
[WhiteElo "2044"]
[BlackElo "2281"]
[PlyCount "79"]
[EventDate "2013.11.18"]
[EventType "team-tourn"]
[EventRounds "14"]
[EventCountry "ESP"]
[Source "lmi"]
[SourceDate "2013.11.18"]
[WhiteTeam "San Fernando de Henares"]
[BlackTeam "Virgen de Atocha"]
[WhiteTeamCountry "ESP"]
[BlackTeamCountry "ESP"]

1. d4 d5 2. Nf3 Nf6 3. g3 c6 4. Bg2 Bf5 5. O-O e6 6. c4 Be7 7. Nc3 Nbd7 8. cxd5
exd5 9. Nh4 Bg4 10. h3 Be6 11. Qb3 Qb6 12. Qxb6 Nxb6 13. Nf3 O-O 14. b3 a5 15.
a4 Bb4 16. Na2 Bd6 17. Nc3 Bf5 18. Ba3 Nc8 19. Bxd6 Nxd6 20. Rac1 h6 21. Ne5
Ra6 22. Nd3 Bxd3 23. exd3 Rb6 24. Rb1 Nf5 25. Ne2 Re8 26. Rb2 Rb4 27. Rc1 Nd7
28. Bf1 Nxd4 29. Nxd4 Rxd4 30. Re2 Rxe2 31. Bxe2 Rb4 32. Bd1 Ne5 33. Rc3 d4 34.
Rc5 Nxd3 35. Rxa5 Nb2 36. Ra8+ Kh7 37. Bf3 Rxb3 38. Be4+ g6 39. Bb1 Ra3 40. Kg2
0-1

[Event "Liga Madrileña - DH 2013-2014"]
[Site "Madrid ESP"]
[Date "2013.11.23"]
[Round "2.25"]
[White "Kosmo, Santul"]
[Black "Garcia Suarez, Joaquin"]
[Result "1-0"]
[WhiteElo "2237"]
[BlackElo "2038"]
[PlyCount "31"]
[EventDate "2013.11.18"]
[EventType "team-tourn"]
[EventRounds "14"]
[EventCountry "ESP"]
[Source "lmi"]
[SourceDate "2013.11.18"]
[WhiteTeam "Virgen de Atocha"]
[BlackTeam "San Fernando de Henares"]
[WhiteTeamCountry "ESP"]
[BlackTeamCountry "ESP"]

1. e4 g6 2. d4 Bg7 3. Nc3 d6 4. Be3 c6 5. Qd2 b5 6. Nf3 Nf6 7. Bd3 Nbd7 8. Bh6
Bxh6 9. Qxh6 Qa5 10. O-O b4 11. Ne2 Bb7 12. a3 bxa3 13. Rxa3 Qh5 14. Qd2 O-O
15. Ng3 Qg4 16. h3 1-0

[Event "Liga Madrileña - DH 2013-2014"]
[Site "Madrid ESP"]
[Date "2013.11.23"]
[Round "2.26"]
[White "De La Orden Alcocer, Alejandro"]
[Black "Vazquez Torres, Adrian"]
[Result "0-1"]
[WhiteElo "1931"]
[BlackElo "2179"]
[PlyCount "88"]
[EventDate "2013.11.18"]
[EventType "team-tourn"]
[EventRounds "14"]
[EventCountry "ESP"]
[Source "lmi"]
[SourceDate "2013.11.18"]
[WhiteTeam "San Fernando de Henares"]
[BlackTeam "Virgen de Atocha"]
[WhiteTeamCountry "ESP"]
[BlackTeamCountry "ESP"]

1. c4 Nf6 2. g3 c5 3. Nc3 Nc6 4. Bg2 g6 5. a3 Bg7 6. Rb1 d6 7. Nf3 Bf5 8. d3
Qd7 9. Nd5 Nxd5 10. cxd5 Nd4 11. Nxd4 cxd4 12. h4 h6 13. Bd2 Rc8 14. Rc1 O-O
15. Qb3 b6 16. Rxc8 Rxc8 17. O-O Kh7 18. Rc1 Rxc1+ 19. Bxc1 Qc7 20. Bd2 Bf6 21.
Kf1 Bd7 22. Qd1 b5 23. Ke1 h5 24. Bc1 Bg7 25. Bd2 Bh6 26. Bxh6 Kxh6 27. Qd2+
Kg7 28. Kd1 a5 29. Bf3 b4 30. Qc2 Qb6 31. Qc1 bxa3 32. bxa3 Qb3+ 33. Kd2 Ba4
34. e4 Qa2+ 35. Ke1 Bc2 36. Qd2 Qa1+ 37. Ke2 Ba4 38. Qe1 Qxa3 39. Qb1 Qc3 40.
Qe1 Bb3 41. Qd2 a4 42. Qf4 Qa1 43. Kd2 a3 44. g4 a2 0-1

[Event "Liga Madrileña - DH 2013-2014"]
[Site "Madrid ESP"]
[Date "2013.11.24"]
[Round "2.31"]
[White "Vazquez Igarza, Renier"]
[Black "Taboas Rodriguez, Daniel"]
[Result "1-0"]
[WhiteElo "2588"]
[BlackElo "2398"]
[PlyCount "67"]
[EventDate "2013.11.18"]
[EventType "team-tourn"]
[EventRounds "14"]
[EventCountry "ESP"]
[Source "lmi"]
[SourceDate "2013.11.18"]
[WhiteTeam "Collado Villalba"]
[BlackTeam "Blanco y Negro"]
[WhiteTeamCountry "ESP"]
[BlackTeamCountry "ESP"]

1. d4 d5 2. Nf3 Nf6 3. c4 e6 4. g3 Bb4+ 5. Bd2 Be7 6. Bg2 O-O 7. O-O c6 8. Qc2
b5 9. c5 a5 10. Bg5 Ne4 11. Bxe7 Qxe7 12. Nc3 Nxc3 13. bxc3 Nd7 14. e4 Ba6 15.
Rfe1 Rfb8 16. exd5 cxd5 17. Rab1 b4 18. cxb4 axb4 19. Rb2 Bc4 20. Nd2 Ra3 21.
Nxc4 Rc3 22. Qd2 dxc4 23. Rxb4 Rd3 24. Rxb8+ Nxb8 25. Qb4 Qd8 26. Qxc4 Rxd4 27.
Qb5 Kf8 28. a4 Ke7 29. c6 Qc7 30. Qg5+ Kf8 31. Qc5+ Rd6 32. Rd1 Ke7 33. Rxd6
Qxd6 34. c7 1-0

[Event "Liga Madrileña - DH 2013-2014"]
[Site "Madrid ESP"]
[Date "2013.11.24"]
[Round "2.32"]
[White "Bolado Saez, Sergio"]
[Black "Arribas Lopez, Angel"]
[Result "1/2-1/2"]
[WhiteElo "2349"]
[BlackElo "2488"]
[PlyCount "118"]
[EventDate "2013.11.18"]
[EventType "team-tourn"]
[EventRounds "14"]
[EventCountry "ESP"]
[Source "lmi"]
[SourceDate "2013.11.18"]
[WhiteTeam "Blanco y Negro"]
[BlackTeam "Collado Villalba"]
[WhiteTeamCountry "ESP"]
[BlackTeamCountry "ESP"]

1. d4 e6 2. c4 Nf6 3. Nc3 Bb4 4. e3 d5 5. a3 Bxc3+ 6. bxc3 O-O 7. Bd3 c5 8.
cxd5 exd5 9. f3 b6 10. Ne2 Ba6 11. O-O Re8 12. Ng3 Bxd3 13. Qxd3 Nc6 14. Bb2 h5
15. Rae1 g6 16. e4 h4 17. Nh1 Nh5 18. Qd2 Na5 19. Qd1 cxd4 20. cxd4 Nc4 21. Bc1
b5 22. e5 a5 23. f4 f5 24. g4 Ng7 25. Rf2 b4 26. axb4 axb4 27. Rg2 Re6 28. Nf2
Ra2 29. Kh1 Qb6 30. Reg1 b3 31. gxf5 Nxf5 32. Qd3 Rxf2 33. Rxf2 Kf7 34. Rg5 Qb4
35. Bd2 Nxd2 36. Qxd2 Qc4 37. Rg1 Rc6 38. Rd1 h3 39. Kg1 Ke6 40. Rf3 Qc2 41.
Rxh3 Qxd1+ 42. Qxd1 b2 43. Rf3 Rc1 44. Rf1 Nxd4 45. Qg4+ Ke7 46. Qxg6 Nf3+ 47.
Kf2 Rxf1+ 48. Kxf1 b1=Q+ 49. Qxb1 Nd2+ 50. Ke2 Nxb1 51. Kd3 Ke6 52. h4 Na3 53.
h5 Kf5 54. Kd4 Nc4 55. h6 Kg6 56. Kxd5 Ne3+ 57. Ke6 Kxh6 58. Kf7 Kh5 59. Kf6
Kg4 1/2-1/2

[Event "Liga Madrileña - DH 2013-2014"]
[Site "Madrid ESP"]
[Date "2013.11.24"]
[Round "2.33"]
[White "Moreno Ruiz, Javier"]
[Black "Renteria Becerra, Jorge Elicer"]
[Result "1-0"]
[WhiteElo "2470"]
[BlackElo "2311"]
[PlyCount "89"]
[EventDate "2013.11.18"]
[EventType "team-tourn"]
[EventRounds "14"]
[EventCountry "ESP"]
[Source "lmi"]
[SourceDate "2013.11.18"]
[WhiteTeam "Collado Villalba"]
[BlackTeam "Blanco y Negro"]
[WhiteTeamCountry "ESP"]
[BlackTeamCountry "ESP"]

1. d4 Nf6 2. c4 c5 3. d5 b5 4. cxb5 a6 5. bxa6 g6 6. Nc3 Bxa6 7. Nf3 d6 8. e4
Bxf1 9. Kxf1 Nbd7 10. g3 Bg7 11. Kg2 O-O 12. a4 Qa5 13. Bd2 Rfb8 14. Nb5 Qb6
15. Qe2 Ne8 16. Bc3 Nc7 17. Nxc7 Qxc7 18. Ra3 Bxc3 19. bxc3 Qa5 20. e5 Qa6 21.
Qe4 Nxe5 22. Nxe5 dxe5 23. Qxe5 Qc4 24. Rd1 Rb7 25. a5 Ra6 26. Raa1 Rd6 27. Kg1
Rbd7 28. Rdb1 f6 29. Qe3 Kg7 30. a6 Rxa6 31. Rxa6 Qxa6 32. Qxc5 Qd3 33. Re1 Kf7
34. c4 Qd2 35. Re3 h5 36. h4 f5 37. Qc6 Ra7 38. Qe6+ Kg7 39. Kg2 Qd4 40. Qc8 f4
41. Rf3 Qe4 42. Qb8 Ra4 43. Qxf4 Rxc4 44. Qf8+ Kh7 45. Kh2 1-0